• 首页
  • 本馆介绍
  • 公告通知
  • 最新文献
  • 馆藏检索
  • 电子资源
  • 读者导购
  • 参考咨询
  • 我的图书馆
  • 登录
  • 详细信息显示
  • 放入我的书架
  • 预约/预借图书
  • 作者相关作品
  • 分类相关作品
  • 丛书相关作品
  • 出版社相关作品

书目信息

  • 表格格式
  • 工作单格式
  • 卡片格式
题名:
与弘一大师对话的日子
    
 
作者: 李凤池 著
分册:  
出版信息: 北京   台海出版社  2016
页数: 216页
开本: 24cm
丛书名:
单 册:
中图分类: B949.92
科图分类:
主题词:
电子资源:
ISBN: 978-7-5168-0943-3
000 00781nam0 22002291 450
001 0124140100
005 20170324140100.0
010    @a978-7-5168-0943-3@dCNY39.80
100    @a20160913d2016 em y0chiy50 ea
101 0  @achi
102    @aCN@b110000
105    @aa z 000yb
106    @ar
200 1  @a与弘一大师对话的日子@9yu hong yi da shi dui hua de ri zi@f李凤池著
210    @a北京@c台海出版社@d2016
215    @a216页@c图,照片@d24cm
330    @a本书介绍了弘一大师的一生,包括“家世出身,故居沧桑”“艺文惊世,名重南北”“爱国忧民,壮志未酬”“出世入世,承启律宗”等。
600  0 @a李叔同@Ali shu tong@f(1880-1942)@x传记
690    @aB949.92@v5
701  0 @a李凤池@9li feng chi@c(教育)@4著
801  0 @aCN@bTANGWEI@c20170308
905    @b0961328-30@dB949.92@e389@f3
    
    与弘一大师对话的日子/李凤池著.-北京:台海出版社,2016
    216页:图,照片;24cm
    
    
    ISBN 978-7-5168-0943-3:CNY39.80
    本书介绍了弘一大师的一生,包括“家世出身,故居沧桑”“艺文惊世,名重南北”“爱国忧民,壮志未酬”“出世入世,承启律宗”等。
●
相关链接 在E读中查询图书 在五车中查询图书 在当当中查询图书 在豆瓣中查询图书


正题名:与弘一大师对话的日子     索取号:B949.92/389         预约/预借

序号 登录号 条形码 馆藏地/架位号 状态 备注
1 0961328   209613284   不外借—密集书库/ [索取号:B949.92/389] 在馆    
2 0961329   209613293   不外借—密集书库/ [索取号:B949.92/389] 在馆    
3 0961330   209613300   不外借—密集书库/ [索取号:B949.92/389] 在馆    
唐山师范学院图书馆 欢迎您!
大连网信软件有限公司© 版权所有